MARC

LEADER 00000cam a2200000 7i4500
001 0000005342
005 20230103093000.0
008 021118s1995
020 |a 0112905404 
090 0 0 |a DA10   |b .B752 1995 (j1-3) 
245 0 0 |a Malaya   |c edited by A. J. Stockwell 
260 2 |a London :   |b HMSO ,   |c c1995 
300 |a 3 v. ;   |c 26 cm. 
440 0 0 |a British documents of the end of Empire Series B   |v v. 3 
504 |a Includes index 
650 0 |a Decolonization   |x History   |x Sources 
651 0 |a Great Britain   |x Politics and government   |y 1945-1964   |v Sources 
651 0 |a Malaysia   |x Colonial influence 
651 0 |a Malaysia   |x History 
651 0 |a Malaysia   |x History   |y Malayan emergency, 1948-1960 
651 0 |a Malaysia   |x Politics and government   |x Sources 
700 0 |a Ashton, S. R. ,   |e author 
700 0 |a Stockwell, A. J. ,   |e author 
710 2 1 |a University of London ,   |c Institute of Commonwealth Studies 
999 |a 1000057538   |b Book   |c Reference   |e Gong Badak Campus 
999 |a 1000057539   |b Book   |c Reference   |e Gong Badak Campus 
999 |a 1000057540   |b Book   |c Reference   |e Gong Badak Campus